Schaum's outlines theory and problems of complex variables : (Record no. 4196)
[ view plain ]
| 000 -LEADER | |
|---|---|
| fixed length control field | 00816nam a22002297a 4500 |
| 001 - CONTROL NUMBER | |
| control field | 7958 |
| 003 - CONTROL NUMBER IDENTIFIER | |
| control field | BD-DhUAP |
| 005 - DATE AND TIME OF LATEST TRANSACTION | |
| control field | 20201103131040.0 |
| 008 - FIXED-LENGTH DATA ELEMENTS--GENERAL INFORMATION | |
| fixed length control field | 201103t2004 si a 001 0 eng d |
| 020 ## - INTERNATIONAL STANDARD BOOK NUMBER | |
| International Standard Book Number | 0070990107 |
| 040 ## - CATALOGING SOURCE | |
| Language of cataloging | eng |
| Original cataloging agency | BD-DhUAP |
| Transcribing agency | BD-DhUAP |
| Modifying agency | BD-DhUAP |
| 082 ## - DEWEY DECIMAL CLASSIFICATION NUMBER | |
| Classification number | 515.9 SPI |
| Edition number | 23 |
| 100 1# - MAIN ENTRY--PERSONAL NAME | |
| Personal name | Spiegel, Murray R. |
| 245 10 - TITLE STATEMENT | |
| Title | Schaum's outlines theory and problems of complex variables : |
| Remainder of title | with an introduction to conformal mapping and its applications : si (metric) edition / |
| Statement of responsibility, etc. | Murray R. Spiegel. |
| 260 ## - PUBLICATION, DISTRIBUTION, ETC. | |
| Place of publication, distribution, etc. | Singapore : |
| Name of publisher, distributor, etc. | McGraw-Hill Book Co., |
| Date of publication, distribution, etc. | c1981 [Reprinted 2004]. |
| 300 ## - PHYSICAL DESCRIPTION | |
| Extent | 313 pages : |
| Other physical details | illustrations ; |
| Dimensions | 25 cm. |
| 490 0# - SERIES STATEMENT | |
| Series statement | Schaum's outline series |
| 500 ## - GENERAL NOTE | |
| General note | Includes index. |
| 650 #0 - SUBJECT ADDED ENTRY--TOPICAL TERM | |
| Topical term or geographic name entry element | Functions of complex variables. |
| 650 #0 - SUBJECT ADDED ENTRY--TOPICAL TERM | |
| Topical term or geographic name entry element | Conformal mapping. |
| 942 ## - ADDED ENTRY ELEMENTS (KOHA) | |
| Source of classification or shelving scheme | |
| Koha item type | Book |
| Withdrawn status | Lost status | Source of classification or shelving scheme | Damaged status | Not for loan | Permanent Location | Current Location | Shelving location | Date acquired | Full call number | Barcode | Date last seen | Copy number | Price effective from | Koha item type | Total Checkouts | Date last checked out | Total Renewals |
|---|---|---|---|---|---|---|---|---|---|---|---|---|---|---|---|---|---|
| UAP Central Library | UAP Central Library | General Stacks | 2020-11-03 | 515.9 SPI | 3010007958 | 2020-11-03 | 1 | 2020-11-03 | Book | ||||||||
| UAP Central Library | UAP Central Library | General Stacks | 2020-11-03 | 515.9 SPI | 3010007953 | 2020-11-03 | 2 | 2020-11-03 | Book | ||||||||
| UAP Central Library | UAP Central Library | General Stacks | 2020-11-03 | 515.9 SPI | 3010007957 | 2020-11-03 | 3 | 2020-11-03 | Book | ||||||||
| UAP Central Library | UAP Central Library | General Stacks | 2020-11-03 | 515.9 SPI | 3010007956 | 2024-02-06 | 4 | 2020-11-03 | Book | 1 | 2024-01-27 | ||||||
| UAP Central Library | UAP Central Library | General Stacks | 2020-11-03 | 515.9 SPI | 3010007955 | 2024-02-12 | 5 | 2020-11-03 | Book | 1 | 2024-01-23 | 1 | |||||
| UAP Central Library | UAP Central Library | General Stacks | 2020-11-03 | 515.9 SPI | 3010007960 | 2020-11-03 | 6 | 2020-11-03 | Book | ||||||||
| UAP Central Library | UAP Central Library | General Stacks | 2020-11-03 | 515.9 SPI | 3010007962 | 2020-11-03 | 7 | 2020-11-03 | Book | ||||||||
| UAP Central Library | UAP Central Library | General Stacks | 2020-11-03 | 515.9 SPI | 3010001246 | 2020-11-03 | 8 | 2020-11-03 | Book | ||||||||
| UAP Central Library | UAP Central Library | General Stacks | 2020-11-03 | 515.9 SPI | 3010001245 | 2020-11-03 | 9 | 2020-11-03 | Book | ||||||||
| UAP Central Library | UAP Central Library | General Stacks | 2020-11-03 | 515.9 SPI | 3010002629 | 2020-11-03 | 10 | 2020-11-03 | Book | ||||||||
| UAP Central Library | UAP Central Library | General Stacks | 2020-11-03 | 515.9 SPI | 3010002626 | 2020-11-03 | 11 | 2020-11-03 | Book | ||||||||
| UAP Central Library | UAP Central Library | General Stacks | 2020-11-03 | 515.9 SPI | 3010002627 | 2020-11-03 | 12 | 2020-11-03 | Book | ||||||||
| UAP Central Library | UAP Central Library | General Stacks | 2020-11-03 | 515.9 SPI | 3010002628 | 2020-11-03 | 13 | 2020-11-03 | Book | ||||||||
| UAP Central Library | UAP Central Library | General Stacks | 2020-11-03 | 515.9 SPI | 3010011543 | 2020-11-03 | 14 | 2020-11-03 | Book | ||||||||
| UAP Central Library | UAP Central Library | General Stacks | 2020-11-03 | 515.9 SPI | 3010007961 | 2020-11-03 | 15 | 2020-11-03 | Book | ||||||||
| UAP Central Library | UAP Central Library | General Stacks | 2020-11-09 | 515.9 SPI | 3010000637 | 2020-11-09 | 16 | 2020-11-09 | Book | ||||||||
| UAP Central Library | UAP Central Library | General Stacks | 2020-11-10 | 515.9 SPI | 3010007959 | 2024-02-20 | 17 | 2020-11-10 | Book | 1 | 2024-01-23 | 1 | |||||
| UAP Central Library | UAP Central Library | General Stacks | 2020-11-10 | 515.9 SPI | 3010007954 | 2020-12-02 | 18 | 2020-11-10 | Book |
Bengali Keyboard